[Event "17th Asia-ch (w)"]
[Site "Manila PHI"]
[Date "2013.05.19"]
[Round "2.17"]
[White "San Diego, Marie Antoinette"]
[Black "Qiu Mengjie"]
[Result "1-0"]
[WhiteElo "1947"]
[BlackElo "2122"]
[EventDate "2013.05.18"]
[PlyCount "79"]

1.d4 Nf6 2.c4 g6 3.f3 d5 4.cxd5 Nxd5 5.e4 Nb6 6.Nc3 Bg7 7.Be3 O-O 8.Qd2 
Nc6 9.O-O-O e5 10.d5 Nd4 11.f4 Bg4 12.Re1 c5 13.h3 Bd7 14.fxe5 Bxe5 15.Nf3
Nxf3 16.gxf3 Rc8 17.Be2 Na4 18.Nxa4 Bxa4 19.Kb1 f5 20.Rc1 fxe4 21.fxe4 Qe7
22.Bg4 Rc7 23.h4 c4 24.Be6+ Kh8 25.Bd4 Qg7 26.Bc3 Bxc3 27.Qxc3 Qxc3 28.
Rxc3 Rf2 29.b3 Bb5 30.d6 Rc6 31.Rd1 Rf8 32.Bd7 cxb3 33.Rxb3 Bc4 34.Bxc6 
Bxb3 35.axb3 bxc6 36.e5 Kg7 37.e6 Kf6 38.Rf1+ Kg7 39.Re1 Rb8 40.e7 1-0

[Event "17th Asia-ch (w)"]
[Site "Manila PHI"]
[Date "2013.05.19"]
[Round "2.18"]
[White "Frayna, Janelle Mae"]
[Black "Mendoza, Shania Mae"]
[Result "1-0"]
[WhiteElo "2050"]
[BlackElo "1847"]
[EventDate "2013.05.18"]
[PlyCount "151"]

1.c4 e5 2.g3 c6 3.d4 e4 4.Nc3 d5 5.Bg2 Nf6 6.cxd5 cxd5 7.Bg5 Bb4 8.Nh3 
Nbd7 9.O-O Bxc3 10.bxc3 O-O 11.Nf4 h6 12.Bxf6 Nxf6 13.Qb3 Rb8 14.e3 b6 15.
c4 Ba6 16.Nxd5 Nxd5 17.cxd5 Bxf1 18.Rxf1 f5 19.Rc1 Kh8 20.Rc6 Rb7 21.f3 
exf3 22.Bxf3 Rd7 23.Kf2 Kh7 24.Qc2 Rxd5 25.Bxd5 Qxd5 26.Kg1 Re8 27.Rc3 Qf3
28.Qf2 Qe4 29.Qd2 Qb1+ 30.Rc1 Qe4 31.Kf2 Qd5 32.Qc2 Qe6 33.Qe2 Qd5 34.Qd2 
Re6 35.Qc2 h5 36.Qb3 Qe4 37.d5 Rd6 38.Rd1 a5 39.a4 g5 40.Qa3 Qe5 41.Qd3 
Kg7 42.Qc4 Kf7 43.Rd4 Qe7 44.Qd3 Qe5 45.Qa6 Qe7 46.Qc8 Kg7 47.Rc4 Rd8 48.
Rc7 Rxc8 49.Rxe7+ Kg8 50.Re5 Kf7 51.Rxf5+ Kg6 52.Re5 Rc2+ 53.Kf3 g4+ 54.
Kf4 Rxh2 55.Re6+ Kf7 56.e4 Ra2 57.Rxb6 Rxa4 58.Rh6 Rb4 59.Rxh5 Kg7 60.Rg5+
Kf7 61.Rf5+ Ke7 62.Ke5 a4 63.Rg5 Rb3 64.Rxg4 a3 65.Rg7+ Kf8 66.Rg6 Kf7 67.
Rf6+ Kg7 68.g4 Rg3 69.Ra6 Kf7 70.Kf4 Rd3 71.g5 Kg7 72.Ke5 Rg3 73.Kd4 Rxg5 
74.Rxa3 Kf8 75.Ra7 Ke8 76.e5 1-0

[Event "17th Asia-ch (w)"]
[Site "Manila PHI"]
[Date "2013.05.19"]
[Round "2.19"]
[White "Anggraeni, Nadia"]
[Black "Galas, Bernadette"]
[Result "1-0"]
[WhiteElo "1854"]
[BlackElo "2045"]
[EventDate "2013.05.18"]
[PlyCount "95"]

1.e4 c5 2.Nf3 Nc6 3.d4 cxd4 4.Nxd4 Nf6 5.Nc3 e5 6.Ndb5 d6 7.Bg5 a6 8.Na3 
b5 9.Nd5 Be7 10.Bxf6 Bxf6 11.c4 b4 12.Nc2 Rb8 13.b3 a5 14.Be2 O-O 15.O-O 
Bb7 16.Qd3 Nd4 17.Nxf6+ Qxf6 18.Nxd4 exd4 19.Rad1 Rfe8 20.f3 Rbd8 21.Qxd4 
Qxd4+ 22.Rxd4 f5 23.Bd3 f4 24.Rd1 Kf8 25.Bf1 Ke7 26.g3 g5 27.Bh3 h6 28.c5 
dxc5 29.Rd7+ Rxd7 30.Rxd7+ Kf6 31.Rxb7 Rd8 32.Rd7 Ra8 33.Rd6+ Ke7 34.Re6+ 
Kf7 35.Rc6 a4 36.Be6+ Ke7 37.Bd5 axb3 38.Bxb3 Rd8 39.Rxc5 Rd3 40.gxf4 gxf4
41.Rf5 Rxf3 42.Kg2 Re3 43.Rxf4 Re2+ 44.Kg3 Re3+ 45.Kg4 Kd6 46.Bd5 Ke7 47.
Rf7+ Ke8 48.Rh7 1-0

[Event "17th Asia-ch (w)"]
[Site "Manila PHI"]
[Date "2013.05.19"]
[Round "2.20"]
[White "Karenza, Dita"]
[Black "Docena, Jedara"]
[Result "1-0"]
[WhiteElo "1821"]
[BlackElo "2019"]
[EventDate "2013.05.18"]
[PlyCount "186"]

1.e4 Nc6 2.d4 d5 3.exd5 Qxd5 4.Nf3 Bg4 5.Be2 O-O-O 6.c4 Qd7 7.d5 Bxf3 8.
gxf3 Nb8 9.Nc3 a6 10.Bf4 Qf5 11.Bg3 h5 12.Bd3 Qd7 13.Qc2 g6 14.O-O-O Nf6 
15.Na4 Qe8 16.Rhe1 h4 17.Be5 Nbd7 18.f4 Bh6 19.Kb1 Rg8 20.d6 Nxe5 21.fxe5 
Nd7 22.c5 Nb8 23.dxc7 Kxc7 24.Qb3 Qc6 25.Nb6 Nd7 26.Nd5+ Kb8 27.Nxe7 Qc7 
28.Nxg8 Nxc5 29.Qc4 Rxg8 30.Bc2 Rc8 31.b4 Ne6 32.Qxc7+ Rxc7 33.Re4 Nf4 34.
Rdd4 g5 35.Rc4 Re7 36.Rcd4 Ne6 37.Rd6 Bg7 38.Bb3 Nf4 39.Rd8+ Ka7 40.Rg8 
Bh6 41.Rh8 Bg7 42.Rh7 Bxe5 43.Rxf7 Rxf7 44.Bxf7 Bc7 45.Re7 Kb6 46.a4 Bd6 
47.a5+ Ka7 48.Rd7 Bxb4 49.Bd5 Nxd5 50.Rxd5 Be7 51.h3 Kb8 52.Re5 Bd8 53.Kc2
Kc7 54.Kd3 Kd6 55.Ke4 Bf6 56.Re8 Bc3 57.Kf5 Bxa5 58.Kxg5 Kd7 59.Ra8 Bd8+ 
60.Kg4 a5 61.f4 b5 62.Kf5 b4 63.Ke4 Bb6 64.Kd3 Ke7 65.Kc4 Bc7 66.Ra7 Kd6 
67.f5 Bd8 68.Rf7 Ke5 69.Rd7 Bf6 70.Rd5+ Kf4 71.Rxa5 Be5 72.Kxb4 Kxf5 73.
Kc4 Ke4 74.Ra3 Bg3 75.Rd3 Bf2 76.Kc3 Kf4 77.Kd2 Bc5 78.Ke2 Bb6 79.Kf1 Bc7 
80.Kg2 Be5 81.Rf3+ Ke4 82.Ra3 Bd4 83.Ra6 Bc5 84.Rh6 Ba3 85.Rxh4+ Kf5 86.
Kf3 Be7 87.Rh5+ Kg6 88.Kg4 Bf6 89.Rb5 Bg7 90.Rb6+ Kh7 91.h4 Bf8 92.h5 Bh6 
93.Rb7+ Bg7 1-0

[Event "17th Asia-ch (w)"]
[Site "Manila PHI"]
[Date "2013.05.20"]
[Round "3.2"]
[White "Guo Qi"]
[Black "Gomes, Mary Ann"]
[Result "1/2-1/2"]
[WhiteElo "2439"]
[BlackElo "2387"]
[EventDate "2013.05.18"]
[PlyCount "96"]

1.d4 f5 2.c4 Nf6 3.Nc3 g6 4.g3 Bg7 5.Bg2 O-O 6.Nf3 d6 7.O-O c6 8.d5 e5 9.
dxe6 Bxe6 10.Qd3 Na6 11.Ng5 Nc5 12.Nxe6 Nxe6 13.Rd1 Ne8 14.b3 f4 15.Bb2 
Be5 16.Na4 fxg3 17.fxg3 Bxb2 18.Nxb2 Qf6 19.Na4 N8g7 20.Kh1 Nf5 21.Qc3 Qe5
22.Qxe5 dxe5 23.Rd7 Ne3 24.Rd3 Ng4 25.Kg1 Nd4 26.Nc3 Rad8 27.Bf3 Ne3 28.
Be4 Ng4 29.Bf3 Ne3 30.Be4 Ndc2 31.Rxd8 Rxd8 32.Bxc2 Nxc2 33.Rd1 Rd4 34.Kf2
Nb4 35.Rc1 Rd2 36.Ke3 Rb2 37.Rd1 Nxa2 38.Nxa2 Rxa2 39.Rd8+ Kf7 40.Rd7+ Ke6
41.Rxb7 Rb2 42.b4 a5 43.Rb6 axb4 44.Rxc6+ Kf5 45.c5 Rb3+ 46.Kd2 Ke4 47.Rd6
Rc3 48.Rb6 Rxc5 1/2-1/2

[Event "17th Asia-ch (w)"]
[Site "Manila PHI"]
[Date "2013.05.20"]
[Round "3.3"]
[White "Muminova, Nafisa"]
[Black "Mongontuul, Batchujagijn"]
[Result "0-1"]
[WhiteElo "2307"]
[BlackElo "2442"]
[EventDate "2013.05.18"]
[PlyCount "84"]

1.e4 c5 2.Nf3 e6 3.c3 Nf6 4.e5 Nd5 5.d4 cxd4 6.cxd4 Nc6 7.Bc4 d6 8.O-O Be7
9.Qe2 O-O 10.Re1 Qb6 11.Qe4 dxe5 12.dxe5 Bc5 13.Qh4 Nd4 14.Nxd4 Bxd4 15.
Nc3 Nxc3 16.bxc3 Bxc3 17.Bd3 g6 18.Bg5 Bxe1 19.Rxe1 f5 20.exf6 Qb2 21.h3 
Rf7 22.Bc4 Bd7 23.Rd1 Re8 24.Rd4 b5 25.Bd3 e5 26.Rb4 Qxa2 27.Bxg6 hxg6 28.
Qh6 e4 29.Qxg6+ Kh8 30.Bh4 Bc6 31.Rd4 Qa1+ 32.Kh2 Qxd4 33.Qxf7 Qd7 34.Qg6 
Qh7 35.Qg3 Bd5 36.Qf4 Bf7 37.Bg5 b4 38.Bh6 b3 39.Bg7+ Kg8 40.Qd2 Qh5 41.g3
Qe5 42.Kg2 e3 0-1

[Event "17th Asia-ch (w)"]
[Site "Manila PHI"]
[Date "2013.05.20"]
[Round "3.5"]
[White "Kulkarni, Bhakti Pradip"]
[Black "Le Thanh Tu"]
[Result "1/2-1/2"]
[WhiteElo "2244"]
[BlackElo "2341"]
[EventDate "2013.05.18"]
[PlyCount "55"]

1.d4 c5 2.d5 Nf6 3.c4 e6 4.Nc3 exd5 5.cxd5 d6 6.e4 g6 7.Nf3 a6 8.Qe2 Be7 
9.Qc2 b5 10.Be2 O-O 11.O-O Re8 12.Bh6 b4 13.Na4 Bd7 14.Nd2 Bb5 15.Bd3 Qa5 
16.b3 Bxa4 17.bxa4 Nbd7 18.Nc4 Qc7 19.a5 Ng4 20.Bf4 Nge5 21.Bxe5 Nxe5 22.
Nxe5 dxe5 23.a3 Rab8 24.axb4 Rxb4 25.Bc4 Qd6 26.Rfb1 Bd8 27.Qd3 Bc7 28.g3 
1/2-1/2

[Event "17th Asia-ch (w)"]
[Site "Manila PHI"]
[Date "2013.05.20"]
[Round "3.6"]
[White "Hoang Thi Nhu Y"]
[Black "Hoang Thi Bao Tram"]
[Result "1/2-1/2"]
[WhiteElo "2222"]
[BlackElo "2310"]
[EventDate "2013.05.18"]
[PlyCount "66"]

1.d4 d5 2.c4 c6 3.Nf3 Nf6 4.Bf4 a6 5.cxd5 cxd5 6.Nc3 Nc6 7.e3 Bg4 8.Be2 e6
9.O-O Bd6 10.Bxd6 Qxd6 11.Nd2 Bxe2 12.Qxe2 O-O 13.a3 Rfc8 14.Rfc1 Nd7 15.
Na4 Ne7 16.b4 Rxc1+ 17.Rxc1 Rc8 18.Rxc8+ Nxc8 19.Nb3 Qc6 20.Nac5 Nd6 21.h3
h6 22.Nxd7 Qxd7 23.Nc5 Qc8 24.Qb2 Nc4 25.Qc3 b6 26.Nd3 Nd6 27.Qxc8+ Nxc8 
28.Kf1 Kf8 29.Ke2 Nd6 30.a4 Ke8 31.a5 bxa5 32.bxa5 Nb7 33.Nb4 Nxa5 1/2-1/2

[Event "17th Asia-ch (w)"]
[Site "Manila PHI"]
[Date "2013.05.20"]
[Round "3.7"]
[White "Zhai Mo"]
[Black "Fronda, Jan Jodilyn"]
[Result "1-0"]
[WhiteElo "2259"]
[BlackElo "2028"]
[EventDate "2013.05.18"]
[PlyCount "91"]

1.e4 c5 2.Nf3 d6 3.d4 cxd4 4.Nxd4 Nf6 5.Nc3 g6 6.Be3 Bg7 7.f3 Nc6 8.Qd2 
O-O 9.O-O-O Nxd4 10.Bxd4 Be6 11.Kb1 Qc7 12.g4 Rfc8 13.h4 Qa5 14.a3 Rab8 
15.h5 b5 16.Bxf6 Bxf6 17.Nd5 Qxd2 18.Nxf6+ Kg7 19.Ne8+ Rxe8 20.Rxd2 b4 21.
axb4 Rxb4 22.c3 Rb3 23.g5 Reb8 24.Rdh2 Kf8 25.Kc1 Ke8 26.hxg6 hxg6 27.Rh8+
Kd7 28.Rxb8 Rxb8 29.b4 d5 30.Bd3 Kd6 31.Kd2 dxe4 32.fxe4 Ke5 33.Ra1 Kf4 
34.Rxa7 Rd8 35.Rc7 Kxg5 36.Ke3 Rc8 37.Rxc8 Bxc8 38.e5 f5 39.b5 f4+ 40.Kf2 
Kh6 41.Be4 Kg7 42.b6 Kf7 43.Bd5+ e6 44.b7 Bxb7 45.Bxb7 g5 46.Kf3 1-0

[Event "17th Asia-ch (w)"]
[Site "Manila PHI"]
[Date "2013.05.20"]
[Round "3.9"]
[White "Xu Huahua"]
[Black "Wang Jue"]
[Result "0-1"]
[WhiteElo "2135"]
[BlackElo "2401"]
[EventDate "2013.05.18"]
[PlyCount "84"]

1.e4 c5 2.Nf3 d6 3.d4 cxd4 4.Qxd4 e5 5.Bb5+ Nd7 6.Bxd7+ Bxd7 7.Qd3 a6 8.
Nc3 h6 9.Nd2 b5 10.Nf1 Nf6 11.Ne3 b4 12.Ncd5 Bb5 13.Nxf6+ Qxf6 14.Qd5 Rc8 
15.Bd2 Bc6 16.Qd3 Qh4 17.Qxa6 Kd7 18.Nc4 Qxe4+ 19.Be3 Rc7 20.O-O-O Bd5 21.
Rxd5 Rxc4 22.Qa4+ Ke6 23.Rd2 Be7 24.Qb3 Rc8 25.f3 Qg6 26.f4 f6 27.g3 Kf7 
28.Re1 Kg8 29.Ree2 Qf7 30.Qd3 R4c6 31.b3 Ra8 32.Qd5 Rca6 33.f5 Ra5 34.
Qxf7+ Kxf7 35.Bb6 Rb5 36.Bc7 d5 37.Kb1 Rc5 38.Bxe5 fxe5 39.Rxe5 Rac8 40.
Rde2 Bf6 41.Re8 d4 42.g4 Re5 0-1

[Event "17th Asia-ch (w)"]
[Site "Manila PHI"]
[Date "2013.05.20"]
[Round "3.10"]
[White "Frayna, Janelle Mae"]
[Black "Soumya, Swaminathan"]
[Result "0-1"]
[WhiteElo "2050"]
[BlackElo "2300"]
[EventDate "2013.05.18"]
[PlyCount "120"]

1.c4 Nf6 2.g3 c6 3.Nf3 d5 4.Bg2 g6 5.b3 Bg7 6.Bb2 O-O 7.O-O Bg4 8.h3 Bxf3 
9.Bxf3 a5 10.d4 a4 11.Nd2 a3 12.Bc3 b5 13.Rc1 Qd7 14.Kh2 Rd8 15.e3 Qb7 16.
cxb5 cxb5 17.b4 Nbd7 18.Qe2 Rac8 19.Ba1 Qa6 20.Nb3 Qa4 21.Na5 Nb6 22.Qd3 
Nc4 23.Bd1 Qxb4 24.Bc3 Qd6 25.Nb7 Qd7 26.Nxd8 Rxd8 27.Bb4 h5 28.h4 Ne4 29.
Bf3 Qf5 30.Qe2 e5 31.dxe5 Bxe5 32.Rcd1 Nb2 33.Rc1 Nd3 34.Qxd3 Qxf3 35.Qd1 
Bxg3+ 36.fxg3 Qxg3+ 37.Kh1 Qh3+ 38.Kg1 Qxe3+ 39.Kh1 Qh3+ 40.Kg1 Qg3+ 41.
Kh1 Qxh4+ 42.Kg1 Qg3+ 43.Kh1 Nf2+ 44.Rxf2 Qxf2 45.Be7 Rd7 46.Rc2 Qf4 47.
Bxa3 Qh4+ 48.Rh2 Qe4+ 49.Rg2 Ra7 50.Qb3 Ra4 51.Qc3 d4 52.Qc8+ Kh7 53.Qf8 
Qf3 54.Bc1 Rxa2 55.Qh6+ Kg8 56.Bd2 Qh3+ 57.Kg1 Ra1+ 58.Kf2 Qf5+ 59.Kg3 Rh1
60.Bf4 Qd3+ 0-1

[Event "17th Asia-ch (w)"]
[Site "Manila PHI"]
[Date "2013.05.20"]
[Round "3.11"]
[White "Sihite, Chelsie Monica"]
[Black "Bernales, Christy Lamiel"]
[Result "1-0"]
[WhiteElo "2290"]
[BlackElo "2016"]
[EventDate "2013.05.18"]
[PlyCount "183"]

1.e4 e6 2.d4 d5 3.Nd2 Nf6 4.e5 Nfd7 5.Bd3 c5 6.c3 Nc6 7.Ne2 cxd4 8.cxd4 f6
9.exf6 Nxf6 10.Nf3 Bd6 11.O-O O-O 12.Bf4 Ne4 13.Bxd6 Qxd6 14.Ng3 Nxg3 15.
hxg3 e5 16.dxe5 Nxe5 17.Be4 Nxf3+ 18.Bxf3 Be6 19.Re1 Bf7 20.Qd4 b6 21.Re5 
Rad8 22.Rd1 Rfe8 23.Rxe8+ Rxe8 24.g4 h6 25.g3 Rd8 26.b4 Kf8 27.Kg2 Rc8 28.
g5 h5 29.a3 a5 30.bxa5 bxa5 31.Qd3 Rd8 32.Qf5 g6 33.Qd3 d4 34.Be4 Kg7 35.
Rc1 Re8 36.Bf3 Qe5 37.Rc6 Rd8 38.Rb6 Qf5 39.Qd2 h4 40.Rf6 h3+ 41.Kh2 Qe5 
42.Ra6 Qf5 43.Bh1 Bb3 44.Rxa5 Qc2 45.Qf4 Rf8 46.Qxd4+ Kg8 47.Bd5+ Bxd5 48.
Qxd5+ Kh8 49.Qe5+ Kg8 50.Qe6+ Kh8 51.Qxh3+ Kg8 52.Qe6+ Kh8 53.Qe5+ Kg8 54.
Qd5+ Kh8 55.Qd4+ Kg8 56.Kg2 Qe2 57.Qd5+ Kh8 58.Qe5+ Qxe5 59.Rxe5 Ra8 60.
Re3 Ra5 61.f4 Kg8 62.g4 Kf7 63.Kg3 Kg7 64.Rf3 Rc5 65.a4 Ra5 66.Ra3 Kf7 67.
Kf3 Ke7 68.Ke4 Ke6 69.Ra1 Kd6 70.Rd1+ Ke6 71.Rd4 Rc5 72.Rb4 Ra5 73.Rb6+ 
Kf7 74.Rb7+ Kf8 75.Rb5 Rxa4+ 76.Ke5 Rc4 77.Rb8+ Kf7 78.Rb7+ Kf8 79.Rd7 Ra4
80.f5 Rxg4 81.Kf6 Ke8 82.Re7+ Kd8 83.Re1 gxf5 84.g6 f4 85.Re5 f3 86.Rf5 
Ke8 87.g7 f2 88.Rxf2 Rg1 89.Re2+ Kd7 90.Re5 Kd6 91.Rg5 Rf1+ 92.Kg6 1-0

[Event "17th Asia-ch (w)"]
[Site "Manila PHI"]
[Date "2013.05.20"]
[Round "3.12"]
[White "Bayar Anu"]
[Black "Nguyen Thi Mai Hung"]
[Result "0-1"]
[WhiteElo "2003"]
[BlackElo "2284"]
[EventDate "2013.05.18"]
[PlyCount "68"]

1.d4 d5 2.c4 c6 3.Nf3 Nf6 4.e3 Bf5 5.Nbd2 e6 6.Qb3 Qc7 7.Ne5 Bd6 8.f4 Be4 
9.Bd3 O-O 10.Nxe4 Nxe4 11.Bxe4 dxe4 12.c5 Be7 13.O-O Nd7 14.Ng4 b6 15.cxb6
Qxb6 16.Qc4 Rac8 17.Rb1 Qb5 18.b3 Nb6 19.Qxb5 cxb5 20.f5 h5 21.Ne5 exf5 
22.Rxf5 g6 23.Rf2 Kg7 24.a4 bxa4 25.bxa4 Rc7 26.d5 Nxd5 27.Bb2 f6 28.Rd1 
Nxe3 29.Rd7 Rfc8 30.Rf4 Rxd7 31.Nxd7 Nd5 32.Rxe4 Rd8 33.Nxf6 Bxf6 34.Bxf6+
Kxf6 0-1

[Event "17th Asia-ch (w)"]
[Site "Manila PHI"]
[Date "2013.05.20"]
[Round "3.13"]
[White "San Diego, Marie Antoinette"]
[Black "Lei Tingjie"]
[Result "1-0"]
[WhiteElo "1947"]
[BlackElo "2232"]
[EventDate "2013.05.18"]
[PlyCount "101"]

1.d4 d5 2.Nf3 Nf6 3.c4 c6 4.Nc3 dxc4 5.a4 Bf5 6.Ne5 Nbd7 7.Nxc4 Nb6 8.Ne5 
a5 9.f3 Nfd7 10.e4 Nxe5 11.dxe5 Qxd1+ 12.Kxd1 Be6 13.Kc2 f6 14.Rb1 Nd7 15.
b4 axb4 16.Rxb4 b6 17.Be3 Rb8 18.Be2 Kf7 19.f4 g6 20.g4 Bh6 21.Bc1 f5 22.
exf5 gxf5 23.Bd3 Bd5 24.Nxd5 cxd5 25.Bxf5 Nc5 26.e6+ Kf8 27.Be3 Ra8 28.
Rhb1 Rc8 29.Kd2 Bg7 30.Rxb6 Nxa4 31.Rb8 Bc3+ 32.Kd3 Kg7 33.Rxc8 Rxc8 34.
Bd4+ Bxd4 35.Kxd4 Kf6 36.Rb4 Nc5 37.Kxd5 Na6 38.Rb6 Nc7+ 39.Ke4 Ne8 40.
Bxh7 Nd6+ 41.Kd5 Rh8 42.g5+ Kg7 43.Rxd6 exd6 44.Be4 Rxh2 45.Kxd6 Re2 46.
Ke5 Kf8 47.f5 Re1 48.f6 Ke8 49.g6 Kf8 50.g7+ Kg8 51.e7 1-0

[Event "17th Asia-ch (w)"]
[Site "Manila PHI"]
[Date "2013.05.20"]
[Round "3.14"]
[White "Anggraeni, Nadia"]
[Black "Perena, Catherine"]
[Result "1/2-1/2"]
[WhiteElo "1854"]
[BlackElo "2170"]
[EventDate "2013.05.18"]
[PlyCount "106"]

1.e4 d5 2.exd5 Qxd5 3.Nc3 Qa5 4.Bc4 Nf6 5.d3 c6 6.Bd2 Qe5+ 7.Qe2 Qxe2+ 8.
Ngxe2 g6 9.O-O-O Bg7 10.Ng3 b5 11.Bb3 a5 12.a4 b4 13.Nce4 O-O 14.h4 h5 15.
Ng5 Nd5 16.Rde1 e5 17.N3e4 Na6 18.Be3 Rb8 19.Bc5 Nxc5 20.Nxc5 Bf5 21.Nge4 
Rfd8 22.Kb1 Bf8 23.f3 Kg7 24.Reg1 Ne3 25.Ba2 Be7 26.Nb3 Ra8 27.Nbd2 Bxe4 
28.fxe4 Bc5 29.g3 Ra7 30.Nf3 f6 31.Re1 Ng4 32.Re2 Re7 33.Nh2 Nh6 34.Nf3 
Rde8 35.Bb3 f5 36.Ng5 Ng4 37.Rf1 Ne3 38.Rf3 f4 39.gxf4 exf4 40.Rxf4 Nf5 
41.exf5 Rxe2 42.Ne6+ R2xe6 43.fxe6 Be7 44.Rc4 c5 45.d4 cxd4 46.Rxd4 Rd8 
47.Rf4 Rf8 48.Rd4 Rd8 49.Rf4 Rf8 50.Rd4 Rf5 51.Kc1 Kf6 52.Kd1 g5 53.hxg5+ 
Kxg5 1/2-1/2

[Event "17th Asia-ch (w)"]
[Site "Manila PHI"]
[Date "2013.05.20"]
[Round "3.15"]
[White "Ni Shiqun"]
[Black "Karenza, Dita"]
[Result "1-0"]
[WhiteElo "2213"]
[BlackElo "1821"]
[EventDate "2013.05.18"]
[PlyCount "121"]

1.e4 c5 2.Nf3 g6 3.c3 Bg7 4.d4 cxd4 5.cxd4 d5 6.e5 Bg4 7.Bb5+ Nd7 8.h3 
Bxf3 9.Qxf3 e6 10.Nc3 a6 11.Bd3 Qb6 12.Qg4 Ne7 13.O-O Nc6 14.Ne2 O-O 15.
Be3 Rac8 16.a3 Qb3 17.Nc1 Qxb2 18.Rb1 Qxa3 19.Rb3 Qe7 20.Bg5 f6 21.exf6 
Nxf6 22.Qh4 b5 23.Re1 Qf7 24.Be3 Nh5 25.Bb1 Nf4 26.g3 Nh5 27.Nd3 Qf6 28.
Qg4 Nxd4 29.Bxd4 Qxd4 30.Qxe6+ Kh8 31.Kg2 Qc4 32.Ra3 Rc6 33.Qe7 Rcf6 34.
Re2 R6f7 35.Qe6 Rf6 36.Qe7 d4 37.Kh2 Qd5 38.Raa2 R6f7 39.Qe6 Qc4 40.Qxa6 
Rf6 41.Qb7 Rf3 42.Ra8 Rf7 43.Rxf8+ Rxf8 44.Rb2 Nf6 45.Rxb5 Ne8 46.Rd5 Qc3 
47.Rd7 Qd2 48.Kg2 Qe2 49.Re7 Nd6 50.Qd7 Qf3+ 51.Kh2 Nf5 52.Re8 Nh6 53.
Rxf8+ Qxf8 54.Ba2 Nf5 55.Nf4 Bf6 56.Bb1 Be5 57.Ne6 Qb8 58.Bxf5 gxf5 59.Ng5
Bxg3+ 60.Kg2 Qc7 61.Qe8+ 1-0

[Event "17th Asia-ch (w)"]
[Site "Manila PHI"]
[Date "2013.05.20"]
[Round "3.19"]
[White "Qiu Mengjie"]
[Black "Jelsen Yemi"]
[Result "1-0"]
[WhiteElo "2122"]
[BlackElo "1997"]
[EventDate "2013.05.18"]
[PlyCount "85"]

1.e4 c5 2.Nf3 d6 3.d4 cxd4 4.Nxd4 Nf6 5.Nc3 a6 6.Bg5 Nbd7 7.Bc4 h6 8.Bh4 
g6 9.Qe2 e5 10.Bxf7+ Kxf7 11.Qc4+ Ke8 12.Ne6 Nb6 13.Nc7+ Kd7 14.Qf7+ Qe7 
15.Qxf6 Qxf6 16.Bxf6 Kxc7 17.Bxh8 Be6 18.Bf6 g5 19.h4 g4 20.h5 Bf7 21.
O-O-O Kc6 22.b3 Nd7 23.Bh4 Bxh5 24.Bg5 Bf7 25.Bxh6 Be7 26.Nd5 Bd8 27.f3 
Nb6 28.Ne3 gxf3 29.gxf3 Bf6 30.c4 a5 31.Nf5 Nc8 32.Bf8 a4 33.Nxd6 Bg5+ 34.
Kb1 Nxd6 35.Bxd6 axb3 36.axb3 b5 37.Rh7 Bg8 38.Rc7+ Kb6 39.c5+ Ka5 40.Kb2 
Rd8 41.Ra7+ Kb4 42.c6+ Rxd6 43.Rxd6 1-0

[Event "17th Asia-ch (w)"]
[Site "Manila PHI"]
[Date "2013.05.20"]
[Round "3.20"]
[White "Galas, Bernadette"]
[Black "Mendoza, Shania Mae"]
[Result "1/2-1/2"]
[WhiteElo "2045"]
[BlackElo "1847"]
[EventDate "2013.05.18"]
[PlyCount "140"]

1.e4 Nf6 2.e5 Nd5 3.c4 Nb6 4.d4 d6 5.exd6 exd6 6.Nc3 Nc6 7.Be3 Bf5 8.b3 
Be7 9.Rc1 O-O 10.Nf3 Bf6 11.Be2 Qd7 12.O-O d5 13.c5 Nc8 14.Qd2 N8e7 15.h3 
h6 16.Rfd1 Rfd8 17.Ne1 g6 18.a3 Be6 19.g4 h5 20.f3 Kh7 21.Ng2 Rh8 22.b4 a6
23.Kf2 Kg8 24.Rh1 Bg7 25.Nf4 Kf8 26.Rcg1 Bf6 27.Bd1 b6 28.Nfe2 bxc5 29.
Bh6+ Ke8 30.bxc5 Ng8 31.Bf4 Nge7 32.Ba4 Kf8 33.Bh6+ Bg7 34.Bf4 Qd8 35.Na2 
Bd7 36.Bc2 Qc8 37.Be3 Be6 38.Nac1 Rb8 39.Nd3 Bf6 40.Ba4 Bd7 41.Bc2 Be6 42.
Ndf4 Rb2 43.Qc3 Rb5 44.Bd3 Rb8 45.Kg2 Bd7 46.Rb1 hxg4 47.hxg4 Rxb1 48.
Rxh8+ Bxh8 49.Bxb1 Qb7 50.Ba2 Na7 51.Nh3 Nb5 52.Bh6+ Ke8 53.Qe3 Nxd4 54.
Nhf4 Ne6 55.Nxe6 Bxe6 56.Qb3 Qb5 57.Qxb5+ axb5 58.Bb1 Kd7 59.Bd3 Kc6 60.
Be3 Bb2 61.Nd4+ Bxd4 62.Bxd4 Bd7 63.Bf6 Nc8 64.Bd4 Kb7 65.Kg3 Ne7 66.Bf6 
Ng8 67.Bd4 Ne7 68.Bf6 Ng8 69.Bd4 Ne7 70.Bf6 Ng8 1/2-1/2

[Event "17th Asia-ch (w)"]
[Site "Manila PHI"]
[Date "2013.05.21"]
[Round "4.1"]
[White "Gomes, Mary Ann"]
[Black "Huang Qian"]
[Result "1/2-1/2"]
[WhiteElo "2387"]
[BlackElo "2469"]
[EventDate "2013.05.18"]
[PlyCount "62"]

1.Nf3 g6 2.g3 Bg7 3.Bg2 e5 4.d3 Ne7 5.c4 O-O 6.Nc3 d6 7.O-O Nbc6 8.Rb1 a5 
9.a3 h6 10.b4 Be6 11.b5 Nb8 12.Nd2 Qc8 13.a4 Bh3 14.Ba3 Bxg2 15.Kxg2 b6 
16.Nd5 Qd8 17.e3 Nd7 18.Re1 Nxd5 19.cxd5 f5 20.Qc2 Rf7 21.Qc4 Nf6 22.Rbc1 
Qd7 23.Qc6 Raf8 24.Qxd7 Rxd7 25.e4 Rdf7 26.f3 h5 27.Rc3 Bh6 28.Nc4 Ne8 29.
Bc1 Bxc1 30.Rexc1 f4 31.gxf4 Rxf4 1/2-1/2

[Event "17th Asia-ch (w)"]
[Site "Manila PHI"]
[Date "2013.05.21"]
[Round "4.2"]
[White "Mongontuul, Batchujagijn"]
[Black "Zhai Mo"]
[Result "1-0"]
[WhiteElo "2442"]
[BlackElo "2259"]
[EventDate "2013.05.18"]
[PlyCount "75"]

1.e4 c5 2.Nf3 d6 3.d4 cxd4 4.Nxd4 Nf6 5.Nc3 a6 6.Be2 e6 7.O-O Qc7 8.f4 Be7
9.Be3 O-O 10.g4 d5 11.exd5 Nxd5 12.Nxd5 exd5 13.c3 Re8 14.Qd2 Nd7 15.Bf3 
Bd6 16.Rae1 Nf6 17.g5 Ne4 18.Qg2 Bd7 19.Kh1 Bc5 20.Bg4 Bxd4 21.Bxd4 Bxg4 
22.Qxg4 Qc4 23.Qg2 Nd6 24.Qh3 Re4 25.f5 Rae8 26.Rd1 Qc8 27.Bxg7 Re3 28.Qh5
Nxf5 29.Bd4 Qe6 30.Bxe3 Nxe3 31.Rde1 d4 32.cxd4 Qd5+ 33.Qf3 Qc4 34.Rf2 Re7
35.Rfe2 Nd5 36.Rxe7 Nxe7 37.Rxe7 Qc1+ 38.Kg2 1-0

[Event "17th Asia-ch (w)"]
[Site "Manila PHI"]
[Date "2013.05.21"]
[Round "4.5"]
[White "Wang Jue"]
[Black "Kulkarni, Bhakti Pradip"]
[Result "1-0"]
[WhiteElo "2401"]
[BlackElo "2244"]
[EventDate "2013.05.18"]
[PlyCount "61"]

1.e4 e5 2.Nf3 Nc6 3.Bb5 Nf6 4.d3 Bc5 5.Bxc6 dxc6 6.Nbd2 Nd7 7.Nc4 f6 8.O-O
O-O 9.a4 a6 10.Kh1 Nb6 11.Be3 Nxc4 12.Bxc5 Nd6 13.a5 Be6 14.b4 Rf7 15.Qe1 
Rd7 16.Nd2 Nb5 17.f4 exf4 18.Rxf4 Nd4 19.Bxd4 Rxd4 20.Nf3 Rd7 21.Qg3 Kh8 
22.e5 fxe5 23.Nxe5 Re7 24.Raf1 Kg8 25.d4 Re8 26.h4 Qe7 27.h5 Rf8 28.h6 
Rxf4 29.Qxf4 Rf8 30.Ng6 hxg6 31.Qxf8+ 1-0

[Event "17th Asia-ch (w)"]
[Site "Manila PHI"]
[Date "2013.05.21"]
[Round "4.6"]
[White "Soumya, Swaminathan"]
[Black "Nakhbaeva, Guliskhan"]
[Result "1/2-1/2"]
[WhiteElo "2300"]
[BlackElo "2379"]
[EventDate "2013.05.18"]
[PlyCount "76"]

1.e4 e6 2.d4 d5 3.Nc3 Bb4 4.e5 c5 5.a3 Ba5 6.b4 cxd4 7.Nb5 Bc7 8.f4 Ne7 9.
Nf3 Bd7 10.Nxc7+ Qxc7 11.Bd3 Ba4 12.O-O Qb6 13.Kh1 Nbc6 14.b5 Na5 15.Rb1 
a6 16.Rb4 axb5 17.Bxb5+ Bxb5 18.a4 Nac6 19.Rxb5 Qa7 20.Qd3 Qxa4 21.Rxb7 
Qc4 22.Bb2 Na5 23.Ra1 Qc6 24.Rb5 Nc4 25.Rxa8+ Qxa8 26.Bxd4 O-O 27.h4 h5 
28.Bc5 Re8 29.Bxe7 Rxe7 30.Ng5 g6 31.Kh2 Qa7 32.Ne4 Ne3 33.Nf6+ Kg7 34.Qb3
Qd4 35.Qb4 Nf1+ 36.Kh1 Ng3+ 37.Kh2 Nf1+ 38.Kh1 Ng3+ 1/2-1/2

[Event "17th Asia-ch (w)"]
[Site "Manila PHI"]
[Date "2013.05.21"]
[Round "4.7"]
[White "Le Thanh Tu"]
[Black "Hoang Thi Nhu Y"]
[Result "0-1"]
[WhiteElo "2341"]
[BlackElo "2222"]
[EventDate "2013.05.18"]
[PlyCount "110"]

1.d4 d5 2.c4 c6 3.Nf3 Nf6 4.Nc3 g6 5.e3 Bg7 6.Be2 O-O 7.O-O a6 8.b4 dxc4 
9.Bxc4 Nd5 10.Qb3 Nxc3 11.Qxc3 Nd7 12.a3 b6 13.Bb2 c5 14.Ne5 e6 15.Nxd7 
cxd4 16.exd4 Qxd7 17.Rfd1 Bb7 18.Bf1 Rac8 19.Qd2 Rfd8 20.Bc3 Qa4 21.Qb2 
Bd5 22.Rac1 Bb3 23.Re1 Bc4 24.Bxc4 Rxc4 25.Rcd1 Rdc8 26.Rd3 Rd8 27.h3 Rd5 
28.Red1 Rc7 29.Qc1 Rcd7 30.Bb2 a5 31.bxa5 bxa5 32.Qc8+ Rd8 33.Qc7 Qd7 34.
Qxd7 R8xd7 35.f4 a4 36.Kf2 Rb5 37.Ba1 Rc7 38.Ke3 Rc2 39.R1d2 Rxd2 40.Rxd2 
Bf8 41.Rd3 Rb1 42.Bc3 Rb3 43.Kd2 Rxa3 44.d5 Bg7 45.d6 Rxc3 46.Rxc3 Bxc3+ 
47.Kxc3 Kf8 48.Kb4 Ke8 49.Kxa4 Kd7 50.Kb5 Kxd6 51.Kc4 e5 52.fxe5+ Kxe5 53.
Kd3 Kf4 54.Ke2 Kg3 55.Kf1 f5 0-1

[Event "17th Asia-ch (w)"]
[Site "Manila PHI"]
[Date "2013.05.21"]
[Round "4.8"]
[White "Hoang Thi Bao Tram"]
[Black "San Diego, Marie Antoinette"]
[Result "1/2-1/2"]
[WhiteElo "2310"]
[BlackElo "1947"]
[EventDate "2013.05.18"]
[PlyCount "108"]

1.d4 d5 2.Bg5 f6 3.Bh4 Nh6 4.e3 Nf5 5.Bg3 c5 6.Nc3 e6 7.Nf3 Nc6 8.Bd3 c4 
9.Bxf5 exf5 10.O-O a6 11.b3 Bb4 12.Na4 b5 13.a3 Bd6 14.Nc5 O-O 15.a4 b4 
16.bxc4 dxc4 17.Qe2 Na5 18.Rab1 Rb8 19.Bxd6 Qxd6 20.e4 fxe4 21.Qxe4 Bd7 
22.Nxd7 Qxd7 23.d5 Rfe8 24.Qd4 Red8 25.Rfd1 Qxa4 26.d6 Qc6 27.Nh4 Rb5 28.
g4 b3 29.cxb3 Nxb3 30.Qc3 Kf7 31.Nf5 g6 32.Re1 gxf5 33.Re7+ Kg6 34.Qh3 
fxg4 35.Qxh7+ Kg5 36.Rg7+ Kf4 37.Qh6+ Ke5 38.Re1+ Kxd6 39.Qxf6+ Kc5 40.
Qxd8 Kb4 41.Rc7 Qd5 42.Qf8+ Ka4 43.Qf6 a5 44.Qb2 Rb6 45.Qc2 Kb4 46.Re3 Re6
47.Rxe6 Qxe6 48.Rb7+ Ka3 49.Qc3 Qd5 50.Rc7 Qd1+ 51.Kg2 Qd5+ 52.Kg1 Qd1+ 
53.Kg2 Qd5+ 54.Kg1 Qd1+ 1/2-1/2